Countries Closest to South Sudan - One Minute Sprint - Statistics

General Stats
  • This quiz has been taken 62 times
  • The average score is 13 of 20
Answer Stats
km country miles % Correct
0 Sudan 0
98%
0 Ethiopia 0
84%
420 Eritrea 261
82%
167 Chad 102
80%
1086 Egypt 675
80%
0 Kenya 0
76%
597 Somalia 371
76%
857 Djibouti 532
73%
1024 Libya 636
73%
0 Central African Republic 0
69%
0 Dem Rep Congo 0
69%
792 Congo 492
62%
497 Tanzania 309
60%
0 Uganda 0
60%
1013 Nigeria 629
58%
655 Burundi 407
55%
507 Rwanda 315
55%
1070 Yemen 665
40%
1046 Saudi Arabia 650
38%
877 Cameroon 545
35%
No matching quizzes found
Score Distribution
Percent of People with Each Score
Percentile by Number Answered
Your Score History
You have not taken this quiz